| 000 | 00863nam a2200229 a 4500 | ||
|---|---|---|---|
| 001 | 1427 | ||
| 003 | BR-CuiBMT | ||
| 005 | 20231208001018.0 | ||
| 008 | 231207b[201 dfb 000 0 por d | ||
| 040 |
_aBR-CuiBMT _cBR-CuiBMT |
||
| 080 |
_22007 _a343.6-055.2 _x(81) _x(094.5) |
||
| 090 |
_a343.6-055.2(81)(094.5) _bL525 |
||
| 245 | 1 |
_aLei Maria da Penha : _be legislação correlata / |
|
| 260 |
_aBrasília : _bSenado Federal, _c[201-]. |
||
| 300 |
_a64 p.: _c23 cm |
||
| 500 | _aDispositivos constitucionais pertinentes - Lei nº 11.340, de 7 de agosto de 2006 - Legislação correlata: decretos. índice de assuntos e entidades. | ||
| 650 | _aLei Maria da Penha - Lei 11.340, 07/08/2006 | ||
| 650 | _aMulheres - violência - legislação | ||
| 650 |
_aViolência contra a mulher _xlegislação _zBrasil |
||
| 650 | _aViolência doméstica | ||
| 942 |
_2udc _cLV |
||
| 999 |
_c1427 _d1427 |
||